000 00834nam a22002295i 4500
001 178477
003 ES-MaACL
005 20250902030433.0
008 110602s1969 sp |||| | spa d
080 _a65.015.14
100 1 _aAngenieux, G.
_9146871
245 1 4 _aLos ratios y la expansión de la empresa /
_cG. Angenieux ; prólogo, Antonio Calafell ; versión española, Francisco Hortelano.
260 _aMadrid :
_bICE,
_cimp. 1969.
300 _a368 p. ;
_c25 cm.
490 1 _aSelecciones de economía de la empresa ;
_v5
650 0 4 _aAnálisis de ratios.
_9146873
700 0 _aCalafell, Antonio.
_9146872
700 1 _aHortelano Hernández, Francisco.
_964264
830 0 0 _aSelecciones de economía de la empresa (ICE)
_v5
_9190989
852 _aES-MaACL
_jE-15226
_xOlim P-1278
999 _c178477
_d178477